Normal view
MARC view
- Fernández, Bernardo,
Entry Nombre Personal
001 - NUMERO DE CONTROL
- campo de control: 32578
003 - IDENTIFICADOR DE NUMERO DE CONTROL
- campo de control: UPN
005 - FECHA Y HORA DE LA ÜLTIMA TRANSACCIÓN
- campo de control: 20210219194434.0
008 - DATOS DE LONGITUD FIJA
- campo de control de longitud fija: nabaccnnaabn|||||||||| b |nc|||||d
035 ## - NUMERO DE CONTROL
- Número de control: UPN11000004685
040 ## - FUENTE DE CATALOGACIÓN
- Lenguaje de catalogación: SPA
- Agencia de transcripción: UPN
053 #4 - NÚMERO DE CLASIFICACIÓN LC
- Número de clasificación elemento-número único o número inicial de tramo: PQ7298.416 E7.6
100 1# - ENCABEZAMIENTO - NOMBRE PERSONAL
- Nombre personal: Fernández, Bernardo,
- Fechas asociadas con el nombre: 1972-
500 0# - MENCIÓN DE REFERENCIA “VÉASE ADEMÁS”- NOMBRE DE PERSONA
- Personal name: BEF,
- Dates associated with a name: 1972-
670 ## - FUENTE EN LA QUE SE LOCALIZARON DATOS
- Cita de la fuente: LC
680 ## - NOTA PUBLICA DE ACCESO PÚBLICO
- Frase explicativa de la referencia: Diseñador gráfico, novelista y dibujante de comics mexicano
902 ## - CATALOGADOR
- Catalogador: CAA/250912
